000
00288nam a22001337a 4500
008
170204b xxu||||| |||| 00| 0 eng d
020
_a
978-99956-19-30-5
041
_a
eng
080
_2
3RD
_a
61
100
_a
3
101
_a
SHM
245
_a
EPIDEMIOLOGJIA
_c
GORDIS, L
942
_2
udc
_c
BK
999
_c
4637
_d
4637